[Event "HUN-chT2 Erkel 0506"]
[Site "Hungary"]
[Date "2005.10.16"]
[Round "1"]
[White "Ozsvath, Andras"]
[Black "Papp Zoltan, Csaba"]
[Result "0-1"]
[WhiteElo "2193"]
[BlackElo "2282"]
[PlyCount "74"]
[EventDate "2005.10.16"]
[EventType "team"]
[EventRounds "11"]
[EventCountry "HUN"]
[SourceTitle "EXT 2009"]
[Source "ChessBase"]
[SourceDate "2008.11.26"]
[SourceVersion "1"]
[SourceVersionDate "2008.11.26"]
[SourceQuality "1"]
[WhiteTeam "Paszto"]
[BlackTeam "Fuzesabony"]
[WhiteTeamCountry "HUN"]
[BlackTeamCountry "HUN"]

1. e4 e5 2. Nf3 Nc6 3. Bb5 Bc5 4. 0-0 Qf6 5. Nc3 Nge7 6. Nd5 Nxd5 7. exd5 Ne7 8. c3 e4 9. d4 Bb6 10. Ng5 Qg6 11. h4 h6 12. h5 Qf5 13. Nh3 Nxd5 14. c4 Nf6 15. c5 c6 16. Be2 Bc7 17. g4 Qe6 18. Bf4 Bxf4 19. Nxf4 Qe7 20. a4 d5 21. Ra3 Qc7 22. Ng2 Be6 23. b4 a6 24. Rg3 Nh7 25. b5 axb5 26. axb5 Ra2 27. b6 Qb8 28. Re1 Ng5 29. Qb3 Qa8 30. Qe3 Qa5 31. Qf4 0-0 32. Qc7 Bc8 33. Kf1 Qd2 34. Nf4 Qxd4 35. Qd6 Rc2 36. Rd1 Qxc5 37. Qc7 d4 0-1

[Event "HUN-chT2 Breyer 0304"]
[Site "Hungary"]
[Date "2004.04.18"]
[Round "11"]
[White "Bereczki, Janos"]
[Black "Ozsvath, Andras"]
[Result "1-0"]
[WhiteElo "2128"]
[BlackElo "2232"]
[PlyCount "43"]
[EventDate "2003.09.28"]
[EventType "team"]
[EventRounds "11"]
[EventCountry "HUN"]
[SourceTitle "EXT 2009"]
[Source "ChessBase"]
[SourceDate "2008.11.26"]
[SourceVersion "1"]
[SourceVersionDate "2008.11.26"]
[SourceQuality "1"]
[WhiteTeam "Zoltek"]
[BlackTeam "Szentendre"]
[WhiteTeamCountry "HUN"]
[BlackTeamCountry "HUN"]

1. d4 Nf6 2. c4 g6 3. Nc3 Bg7 4. Nf3 d6 5. g3 0-0 6. Bg2 Bg4 7. Qb3 Nc6 8. e3 Na5 9. Qa4 c6 10. Bd2 Be6 11. b3 Bd7 12. Ne2 b6 13. Rc1 Nb7 14. 0-0 a5 15. Ne1 d5 16. Qa3 Nd6 17. Nd3 a4 18. cxd5 cxd5 19. Qb2 Bb5 20. Qb1 Nde4 21. Bb4 axb3 22. axb3 1-0

[Event "HUN-chT 9798"]
[Site "Hungary"]
[Date "1998.??.??"]
[Round "?"]
[White "Ozsvath, Andras"]
[Black "Gyorkos, Lajos"]
[Result "1-0"]
[WhiteElo "2310"]
[BlackElo "2425"]
[PlyCount "55"]
[EventDate "1997.??.??"]
[EventType "team"]
[EventRounds "12"]
[EventCountry "HUN"]
[SourceTitle "EXT 2000"]
[Source "ChessBase"]
[SourceDate "1999.11.16"]
[SourceVersion "1"]
[SourceVersionDate "1999.11.16"]
[SourceQuality "1"]

1. e4 c5 2. Nf3 e6 3. d3 Nc6 4. Nbd2 g6 5. g3 Bg7 6. Bg2 Nge7 7. 0-0 d5 8. Re1 0-0 9. c3 e5 10. a3 a5 11. a4 Re8 12. exd5 Nxd5 13. Nc4 Bf5 14. Ng5 Nf6 15. Qb3 Qc7 16. Nd6 Rf8 17. Qxb7 Qxd6 18. Qxc6 Qxd3 19. Qxc5 h6 20. Nf3 Qc2 21. h3 Rfd8 22. Nxe5 Rac8 23. Qa7 Be6 24. Nc6 Rd7 25. Qa6 Rd1 26. Rf1 Rxf1+ 27. Qxf1 Kh7 28. Nd4 1-0

[Event "HUN-chT 9899"]
[Site "Hungary"]
[Date "1998.??.??"]
[Round "?"]
[White "Ozsvath, Andras"]
[Black "Pinter, Jozsef"]
[Result "0-1"]
[WhiteElo "2290"]
[BlackElo "2595"]
[PlyCount "104"]
[EventDate "1998.??.??"]
[EventType "team"]
[EventRounds "12"]
[EventCountry "HUN"]
[SourceTitle "EXT 2000"]
[Source "ChessBase"]
[SourceDate "1999.11.16"]
[SourceVersion "1"]
[SourceVersionDate "1999.11.16"]
[SourceQuality "1"]

1. e4 e5 2. Nf3 Nc6 3. Bb5 a6 4. Ba4 Nf6 5. Bxc6 dxc6 6. d3 Bd6 7. Nbd2 c5 8. Nc4 Nd7 9. a4 b6 10. Bd2 0-0 11. 0-0 Re8 12. Bc3 a5 13. h3 Ba6 14. Ne3 Nf8 15. Nh2 Ng6 16. g3 Bc8 17. Qh5 h6 18. h4 Bh3 19. Nf5 Re6 20. Kh1 Bf8 21. Rg1 Ne7 22. Qf3 h5 23. Qxh5 Nxf5 24. exf5 Qd5+ 25. f3 Rh6 26. Qg5 Re8 27. Rae1 f6 28. Qd2 Bxf5 29. Qf2 Bd7 30. Bd2 Rh7 31. b3 Bc6 32. Re3 Qd7 33. c4 Qd4 34. Bc1 Rd8 35. Bb2 Qd7 36. Rge1 Qf7 37. Kg1 Qg6 38. g4 Bd6 39. Kf1 Rf8 40. R1e2 Qh6 41. h5 g6 42. hxg6 Qxg6 43. Ke1 e4 44. f4 exd3 45. Rd2 Re8 46. Kf1 Re4 47. Rdxd3 Rxf4 48. Nf3 Rh1+ 49. Ke2 Bxf3+ 50. Rxf3 Qe4+ 51. Kd2 Rxf3 52. Qxf3 Qe1+ 0-1

[Event "HUN-chT 9697"]
[Site "Hungary"]
[Date "1997.??.??"]
[Round "15"]
[White "Ozsvath, Andras"]
[Black "Vadasz, Laszlo"]
[Result "1/2-1/2"]
[WhiteElo "2300"]
[BlackElo "2375"]
[PlyCount "20"]
[EventDate "1996.??.??"]
[EventType "team"]
[EventRounds "12"]
[EventCountry "HUN"]
[SourceTitle "EXT 2006"]
[Source "ChessBase"]
[SourceDate "2005.11.24"]
[SourceVersion "1"]
[SourceVersionDate "2005.11.24"]
[SourceQuality "1"]
[WhiteTeam "Matador"]
[BlackTeam "Hajduszoboszlo"]
[WhiteTeamCountry "HUN"]
[BlackTeamCountry "HUN"]

1. e4 c6 2. d3 d5 3. Nd2 Nf6 4. Ngf3 Bg4 5. Be2 e6 6. 0-0 Be7 7. h3 Bxf3 8. Bxf3 0-0 9. b3 a5 10. a4 Bb4 1/2-1/2

[Event "HUN-chT 9596"]
[Site "Hungary"]
[Date "1996.??.??"]
[Round "9"]
[White "Ozsvath, Andras"]
[Black "Gyimesi, Zoltan"]
[Result "1/2-1/2"]
[WhiteElo "2290"]
[BlackElo "2500"]
[PlyCount "113"]
[EventDate "1995.??.??"]
[EventType "team"]
[EventRounds "13"]
[EventCountry "HUN"]
[SourceTitle "EXT 2000"]
[Source "ChessBase"]
[SourceDate "1999.11.16"]
[SourceVersion "1"]
[SourceVersionDate "1999.11.16"]
[SourceQuality "1"]

1. e4 e5 2. Nf3 Nc6 3. Bb5 a6 4. Ba4 Nf6 5. Bxc6 dxc6 6. d3 Bd6 7. Nbd2 c5 8. Nc4 Qe7 9. a4 Nd7 10. a5 Nb8 11. 0-0 Nc6 12. h3 Be6 13. Ne3 0-0-0 14. Nd2 g6 15. Ndc4 f5 16. Bd2 Kb8 17. Nd5 Bxd5 18. exd5 Nb4 19. Bxb4 cxb4 20. Re1 Rhe8 21. c3 e4 22. Qb3 Qf8 23. dxe4 Rxe4 24. Rxe4 fxe4 25. Nxd6 Qxd6 26. Rd1 bxc3 27. bxc3 Qc5 28. c4 Qxa5 29. Rb1 Qb6 30. Qxb6 cxb6 31. Rxb6 Rc8 32. Rb4 Rc5 33. Kf1 a5 34. Ra4 Kc7 35. Ke2 Kd6 36. f4 exf3+ 37. Kxf3 b6 38. Ke4 b5 39. Rxa5 Rxc4+ 40. Kd3 Rc5 41. Ra6+ Kxd5 42. Rb6 Ke5 43. g3 Rd5+ 44. Ke3 Kf5 45. Rc6 Re5+ 46. Kd3 Kg5 47. Kd4 Rf5 48. Ke4 Kh6 49. Rc7 Rf1 50. Rb7 Rb1 51. h4 b4 52. g4 g5 53. h5 Rf1 54. Ke5 Rf4 55. Rb6+ Kg7 56. Rb7+ Kg8 57. Rb8+ 1/2-1/2

[Event "HUN-chT 9697"]
[Site "Hungary"]
[Date "1996.??.??"]
[Round "4"]
[White "Sherzer, Alex"]
[Black "Ozsvath, Andras"]
[Result "1-0"]
[WhiteElo "2500"]
[BlackElo "2300"]
[PlyCount "45"]
[EventDate "1996.??.??"]
[EventType "team"]
[EventRounds "12"]
[EventCountry "HUN"]
[SourceTitle "EXT 2006"]
[Source "ChessBase"]
[SourceDate "2005.11.24"]
[SourceVersion "1"]
[SourceVersionDate "2005.11.24"]
[SourceQuality "1"]
[WhiteTeam "Csuti"]
[BlackTeam "Matador"]
[WhiteTeamCountry "HUN"]
[BlackTeamCountry "HUN"]

1. e4 d6 2. d4 g6 3. h4 Bg7 4. h5 gxh5 5. Nc3 Nf6 6. Bg5 c6 7. Qd2 Nbd7 8. Nf3 Qa5 9. Bd3 Nf8 10. e5 dxe5 11. Nxe5 Ne6 12. Be3 Ng4 13. Nc4 Qd8 14. Rxh5 Nxd4 15. 0-0-0 Nxe3 16. Qxe3 Bg4 17. Qg3 Rg8 18. Rxh7 Kf8 19. Rdh1 Bf6 20. Ne4 Qb8 21. Ncd6 Bh5 22. Qe3 Bg6 23. Nxf6 1-0

[Event "HUN-chT"]
[Site "Hungary"]
[Date "1995.??.??"]
[Round "?"]
[White "Ozsvath, Andras"]
[Black "Krutti, Valer"]
[Result "1-0"]
[WhiteElo "2290"]
[BlackElo "2415"]
[PlyCount "67"]
[EventDate "1995.??.??"]
[EventType "team"]
[EventRounds "13"]
[EventCountry "HUN"]
[SourceTitle "EXT 1997"]
[Source "ChessBase"]
[SourceDate "1996.11.15"]
[SourceVersion "1"]
[SourceVersionDate "1996.11.15"]
[SourceQuality "1"]

1. e4 c5 2. Nf3 d6 3. g3 Nc6 4. Bg2 g6 5. d3 Bg7 6. Nbd2 e5 7. a4 Nge7 8. 0-0 0-0 9. Nc4 h6 10. Nh4 g5 11. Nf3 Bg4 12. Ne3 Bh5 13. c3 Rb8 14. g4 Bg6 15. Nf5 f6 16. d4 Nxf5 17. exf5 Bf7 18. d5 Na5 19. Be3 a6 20. Nd2 c4 21. b4 cxb3 22. Nxb3 Nc4 23. Qd3 Qc7 24. Rfb1 Rfc8 25. Ba7 Ra8 26. Bc5 Nb6 27. Bxb6 Qxb6 28. Nd4 Qa5 29. Ne6 Rab8 30. c4 Bf8 31. Bf1 Be7 32. Ra3 Bd8 33. Qh3 Kh7 34. Qxh6+ 1-0

[Event "HUN-chT"]
[Site "Hungary"]
[Date "1995.??.??"]
[Round "?"]
[White "Ozsvath, Andras"]
[Black "Mozes, Ervin"]
[Result "0-1"]
[WhiteElo "2290"]
[BlackElo "2380"]
[PlyCount "102"]
[EventDate "1995.??.??"]
[EventType "team"]
[EventRounds "13"]
[EventCountry "HUN"]
[SourceTitle "EXT 1997"]
[Source "ChessBase"]
[SourceDate "1996.11.15"]
[SourceVersion "1"]
[SourceVersionDate "1996.11.15"]
[SourceQuality "1"]

1. e4 Nf6 2. d3 c6 3. Nf3 e5 4. Be2 Qc7 5. 0-0 Be7 6. Nbd2 0-0 7. Nc4 d6 8. a4 Nbd7 9. b3 d5 10. Ncd2 Re8 11. Bb2 Bf8 12. Re1 a5 13. Bf1 d4 14. c3 c5 15. Rc1 Qd8 16. Nc4 b6 17. g3 Ba6 18. Nfd2 Qc7 19. cxd4 exd4 20. Bg2 Rad8 21. f4 Nb8 22. Qf3 Bb7 23. g4 Nfd7 24. Na3 g5 25. fxg5 Ne5 26. Qg3 Qd7 27. h3 Bd6 28. Nb5 Ba6 29. Nxd6 Qxd6 30. Bf1 Nxd3 31. e5 Rxe5 32. Ne4 Rxe4 33. Qxd6 Rxd6 34. Rxe4 Nxc1 35. Re8+ Kg7 36. Rxb8 Bxf1 37. Bxc1 Bxh3 38. Bf4 Re6 39. Bc7 Bxg4 40. Bxb6 Re5 41. Bd8 Kg6 42. Bxa5 Be6 43. Kf2 c4 44. b4 c3 45. b5 c2 46. Bd2 d3 47. Kf3 Re2 48. b6 Rxd2 49. b7 c1Q 50. Rg8+ Kf5 51. b8Q Qf1+ 0-1

[Event "HUN-chT 9394"]
[Site "Hungary"]
[Date "1994.??.??"]
[Round "?"]
[White "Horvath, Jozsef"]
[Black "Ozsvath, Andras"]
[Result "1-0"]
[WhiteElo "2515"]
[BlackElo "2285"]
[PlyCount "89"]
[EventDate "1993.??.??"]
[EventType "team"]
[EventRounds "13"]
[EventCountry "HUN"]
[SourceTitle "TD"]
[Source "ChessBase"]
[SourceDate "1994.03.01"]
[SourceVersion "1"]
[SourceVersionDate "1994.03.01"]
[SourceQuality "1"]

1. d4 d6 2. e4 Nf6 3. Nc3 a6 4. a4 g6 5. Nf3 Bg7 6. Be2 0-0 7. 0-0 Bg4 8. Be3 Nbd7 9. h3 Bxf3 10. Bxf3 e5 11. g3 a5 12. Bg2 c6 13. Qd2 Qe7 14. Rad1 Rfe8 15. f4 exf4 16. Bxf4 Nh5 17. Qf2 Nxf4 18. gxf4 Nf6 19. Bf3 Kh8 20. e5 Ng8 21. d5 c5 22. Ne4 dxe5 23. d6 Qd8 24. d7 Rf8 25. Nxc5 exf4 26. Nxb7 Qg5+ 27. Qg2 Qf6 28. c3 Qb6+ 29. Qf2 Qf6 30. h4 h5 31. Rfe1 Nh6 32. Rd6 Qf5 33. d8Q Raxd8 34. Rxd8 Rxd8 35. Nxd8 Bf6 36. Nc6 Qh3 37. Bg2 Qg4 38. Ne5 Qf5 39. Nf3 Ng4 40. Qa7 Kg7 41. Nd4 Qd3 42. Ne6+ Kg8 43. Ng5 Bxg5 44. hxg5 Qd8 45. Qa8 1-0

[Event "HUN-chT 9394"]
[Site "Hungary"]
[Date "1994.??.??"]
[Round "?"]
[White "Ozsvath, Andras"]
[Black "Laszlo, Janos"]
[Result "1-0"]
[WhiteElo "2285"]
[BlackElo "2280"]
[PlyCount "79"]
[EventDate "1993.??.??"]
[EventType "team"]
[EventRounds "13"]
[EventCountry "HUN"]
[SourceTitle "TD"]
[Source "ChessBase"]
[SourceDate "1994.03.01"]
[SourceVersion "1"]
[SourceVersionDate "1994.03.01"]
[SourceQuality "1"]

1. e4 d5 2. exd5 Qxd5 3. Nc3 Qa5 4. Nf3 Nf6 5. Bc4 Bg4 6. 0-0 e6 7. h3 Bh5 8. d4 Nbd7 9. g4 Bg6 10. Bf4 Bd6 11. Bxd6 cxd6 12. Nb5 0-0 13. c3 d5 14. Bd3 Bxd3 15. Qxd3 a6 16. Na3 b5 17. Nc2 Qc7 18. Nd2 Nb6 19. Ne3 Nc4 20. Nexc4 bxc4 21. Qf3 Rfb8 22. b3 cxb3 23. axb3 a5 24. Rfc1 h6 25. Kh1 Rc8 26. Rc2 Rab8 27. Rg1 Ne4 28. g5 Nxg5 29. Qg4 f5 30. Qh4 Qd8 31. f4 Nf7 32. Qh5 Qf6 33. Nf3 Nh8 34. Ne5 Rc7 35. Rcg2 Rxb3 36. Nd7 Rxd7 37. Qe8+ Kh7 38. Qxd7 Nf7 39. Rg6 Rb1 40. Rxf6 1-0

[Event "HUN-chT 9394"]
[Site "Hungary"]
[Date "1994.??.??"]
[Round "?"]
[White "Ozsvath, Andras"]
[Black "Lukacs, Peter"]
[Result "0-1"]
[WhiteElo "2285"]
[BlackElo "2485"]
[PlyCount "142"]
[EventDate "1993.??.??"]
[EventType "team"]
[EventRounds "13"]
[EventCountry "HUN"]
[SourceTitle "TD"]
[Source "ChessBase"]
[SourceDate "1994.03.01"]
[SourceVersion "1"]
[SourceVersionDate "1994.03.01"]
[SourceQuality "1"]

1. e4 e5 2. Nf3 Nc6 3. Bb5 a6 4. Ba4 Nf6 5. Bxc6 dxc6 6. d3 Nd7 7. Nbd2 c5 8. Nc4 Bd6 9. a4 0-0 10. Bd2 Re8 11. Bc3 f6 12. 0-0 Nf8 13. Nh4 Ne6 14. Nf5 Bf8 15. g3 Nd4 16. Nce3 g6 17. Nh4 Bh3 18. Nhg2 Bh6 19. f4 exf4 20. gxf4 f5 21. e5 Qd7 22. Be1 Qc6 23. Bh4 b5 24. c3 Ne6 25. Rf3 Bxg2 26. Nxg2 Rab8 27. a5 b4 28. c4 Rf8 29. Qf1 Qd7 30. Qf2 Rf7 31. Ne3 c6 32. Kh1 Bg7 33. Rg1 Qxd3 34. Ng4 Qxc4 35. Nf6+ Bxf6 36. exf6 Qd5 37. Qg2 c4 38. Re1 Kf8 39. Rfe3 Qxg2+ 40. Kxg2 Nxf4+ 41. Kf3 Nd3 42. R1e2 h6 43. Re6 g5 44. Bg3 f4 45. Be1 c3 46. b3 c5 47. Rxa6 c2 48. Bd2 c1Q 49. Bxc1 Nxc1 50. Re5 Nxb3 51. Kg4 Nd4 52. Rxc5 Rfb7 53. Rd6 b3 54. Rc1 Ne2 55. Rb1 Nc3 56. Rb2 Na4 57. Rb1 b2 58. Rc6 Ra7 59. Kf5 Rxa5+ 60. Kg6 Rc5 61. Ra6 Rc1 62. Ra7 Rxb1 63. Rh7 Ke8 64. Rh8+ Kd7 65. Rxb8 Nc5 66. f7 Ne6 67. Kf6 f3 68. Rb7+ Kc6 69. Re7 f2 70. Rxe6+ Kd5 71. Rd6+ Kc5 0-1

[Event "HUN-chT"]
[Site "Hungary"]
[Date "1993.??.??"]
[Round "?"]
[White "Bilek, Istvan"]
[Black "Ozsvath, Andras"]
[Result "1/2-1/2"]
[WhiteElo "2380"]
[BlackElo "2300"]
[PlyCount "21"]
[EventDate "1993.??.??"]
[EventType "team"]
[EventRounds "13"]
[EventCountry "HUN"]
[SourceTitle "TD"]
[Source "ChessBase"]
[SourceDate "1994.03.01"]
[SourceVersion "1"]
[SourceVersionDate "1994.03.01"]
[SourceQuality "1"]

1. e4 e5 2. Nf3 Nc6 3. d4 exd4 4. Nxd4 Nf6 5. Nc3 Bb4 6. Nxc6 bxc6 7. Bd3 d5 8. exd5 Qe7+ 9. Qe2 Nxd5 10. Bd2 Nxc3 11. Qxe7+ 1/2-1/2

[Event "HUN-chT"]
[Site "Hungary"]
[Date "1993.??.??"]
[Round "?"]
[White "Ozsvath, Andras"]
[Black "Deak, Sandor"]
[Result "1-0"]
[WhiteElo "2300"]
[BlackElo "2385"]
[PlyCount "87"]
[EventDate "1993.??.??"]
[EventType "team"]
[EventRounds "13"]
[EventCountry "HUN"]
[SourceTitle "TD"]
[Source "ChessBase"]
[SourceDate "1994.03.01"]
[SourceVersion "1"]
[SourceVersionDate "1994.03.01"]
[SourceQuality "1"]

1. e4 c5 2. Nf3 Nc6 3. Bb5 g6 4. 0-0 Bg7 5. Re1 Nf6 6. c3 0-0 7. h3 a6 8. Bf1 b5 9. d4 cxd4 10. cxd4 d5 11. e5 Nd7 12. Nc3 Nb6 13. Bf4 f6 14. exf6 exf6 15. Rc1 Qd7 16. b3 Bb7 17. a4 bxa4 18. bxa4 Na5 19. Nb5 Nbc4 20. Nc7 Rac8 21. Ne6 Rfe8 22. Nc5 Qc6 23. Nxb7 Qxb7 24. Rb1 Qd7 25. Nd2 Bf8 26. Nxc4 Nxc4 27. Rxe8 Rxe8 28. Bd3 Rc8 29. Qb3 Bd6 30. Bxd6 Qxd6 31. Qb7 Re8 32. g3 Qe6 33. Bf1 Nd2 34. Bg2 Rd8 35. Qb6 Qe7 36. Rd1 Rd6 37. Qb4 Ne4 38. Re1 Qc7 39. Bxe4 dxe4 40. Rxe4 Qc1+ 41. Kh2 Qc7 42. Re8+ Kf7 43. Rb8 Qc2 44. Qb7+ 1-0

[Event "HUN-chT"]
[Site "Hungary"]
[Date "1993.??.??"]
[Round "?"]
[White "Ozsvath, Andras"]
[Black "Horvath, Tamas"]
[Result "0-1"]
[WhiteElo "2300"]
[BlackElo "2300"]
[PlyCount "132"]
[EventDate "1993.??.??"]
[EventType "team"]
[EventRounds "13"]
[EventCountry "HUN"]
[SourceTitle "TD"]
[Source "ChessBase"]
[SourceDate "1994.03.01"]
[SourceVersion "1"]
[SourceVersionDate "1994.03.01"]
[SourceQuality "1"]

1. e4 c5 2. Nf3 e6 3. d3 Nc6 4. g3 g6 5. Bg2 Bg7 6. 0-0 Nge7 7. Nbd2 0-0 8. Re1 e5 9. a4 d6 10. Nc4 h6 11. Nfd2 Be6 12. c3 Qc7 13. Ne3 f5 14. Nd5 Qd7 15. Nc4 Kh8 16. a5 Rae8 17. Qa4 a6 18. Ncb6 Qd8 19. h4 Nc8 20. exf5 gxf5 21. f4 N6e7 22. Be3 Ng6 23. Nxc8 Qxc8 24. h5 Bxd5 25. Bxd5 exf4 26. gxf4 Ne7 27. Bg2 Rg8 28. Qc4 Bf6 29. Kf1 Rxg2 30. Kxg2 Rg8+ 31. Kf1 Qc6 32. Ke2 Rg2+ 33. Bf2 Bh4 34. Rf1 d5 35. Qa4 Qe6+ 36. Kf3 Qg8 37. Ke2 Qg4+ 38. Ke1 Rxf2 39. Rxf2 Qg1+ 40. Kd2 Qxf2+ 41. Kc1 Qf1+ 42. Qd1 Qxf4+ 43. Kb1 Bg5 44. Ra4 Qc7 45. d4 c4 46. Qe2 Qd7 47. Qc2 f4 48. Ka2 Qf5 49. Qf2 Nc6 50. Ra3 Be7 51. b4 f3 52. Kb2 Qe4 53. Ra1 Bh4 54. Qd2 Bg5 55. Qf2 Nxb4 56. cxb4 Be3 57. Qh2 Bxd4+ 58. Ka2 Be5 59. Qd2 Bg7 60. Re1 c3 61. Qc1 Qc4+ 62. Ka3 c2 63. Re8+ Kh7 64. Re7 Qd3+ 65. Ka4 f2 66. Rf7 Qd1 0-1

[Event "Elekes Memorial-06 Group A"]
[Site "Budapest"]
[Date "1981.07.??"]
[Round "?"]
[White "Castro Rojas, Oscar Humberto"]
[Black "Ozsvath, Andras"]
[Result "1-0"]
[WhiteElo "2425"]
[BlackElo "2340"]
[PlyCount "117"]
[EventDate "1981.07.12"]
[EventType "tourn"]
[EventRounds "13"]
[EventCountry "HUN"]
[EventCategory "4"]
[SourceTitle "EXT 1998"]
[Source "ChessBase"]
[SourceDate "1997.11.17"]
[SourceVersion "1"]
[SourceVersionDate "1997.11.17"]
[SourceQuality "1"]

1. e4 c5 2. Nc3 Nc6 3. g3 g6 4. d3 Bg7 5. Bg2 d6 6. Be3 e6 7. Qd2 Nge7 8. Bh6 0-0 9. h4 Bxh6 10. Qxh6 f6 11. Qd2 Nd4 12. f4 Qa5 13. 0-0-0 b5 14. Kb1 b4 15. Nce2 e5 16. Nxd4 cxd4 17. Bh3 f5 18. Nf3 Rf6 19. Rde1 Bb7 20. h5 Rc8 21. hxg6 Bd5 22. b3 hxg6 23. Ng5 Kg7 24. fxe5 dxe5 25. Bxf5 gxf5 26. Rh7+ Kf8 27. exd5 Ra6 28. a4 bxa3 29. Qxa5 Rxa5 30. Ne6+ Ke8 31. d6 Kd7 32. dxe7 Kxe6 33. Reh1 a2+ 34. Ka1 Re8 35. R1h5 Rxe7 36. Rxe7+ Kxe7 37. Rxf5 Ke6 38. Rf1 Kd5 39. Kb2 Ra6 40. Ra1 Rg6 41. Rxa2 Rg7 42. Ra5+ Kd6 43. b4 Rxg3 44. Rxa7 e4 45. dxe4 Re3 46. Ra6+ Kd7 47. Ra5 Rxe4 48. Rc5 Kd6 49. Kb3 Rh4 50. Rc4 Rh3+ 51. Ka4 Kd5 52. Rc8 Rh1 53. b5 Rc1 54. Kb4 Rb1+ 55. Ka5 Rc1 56. Kb6 Ke4 57. Ka7 Ke3 58. b6 Kd2 59. Rc4 1-0

[Event "Elekes Memorial-06 Group A"]
[Site "Budapest"]
[Date "1981.07.??"]
[Round "?"]
[White "Ozsvath, Andras"]
[Black "Pogats, Jozsef"]
[Result "1-0"]
[WhiteElo "2340"]
[BlackElo "2375"]
[PlyCount "77"]
[EventDate "1981.07.12"]
[EventType "tourn"]
[EventRounds "13"]
[EventCountry "HUN"]
[EventCategory "4"]
[SourceTitle "EXT 1998"]
[Source "ChessBase"]
[SourceDate "1997.11.17"]
[SourceVersion "1"]
[SourceVersionDate "1997.11.17"]
[SourceQuality "1"]

1. e4 c5 2. Nf3 e6 3. d4 cxd4 4. Nxd4 Nc6 5. c4 Nf6 6. Nc3 Bb4 7. Nxc6 dxc6 8. Qf3 e5 9. Bg5 h6 10. Bh4 g5 11. Bg3 Bg4 12. Qd3 Qa5 13. f3 Rd8 14. Qc2 Be6 15. a3 Bxc3+ 16. Qxc3 Qxc3+ 17. bxc3 Nd7 18. c5 f6 19. Bf2 Ke7 20. Rb1 Rb8 21. h4 Rhf8 22. hxg5 hxg5 23. a4 Kd8 24. Bd3 Kc7 25. a5 Rh8 26. Ke2 a6 27. Be3 Rbg8 28. Kf2 Nf8 29. g3 Ng6 30. Rbg1 Rxh1 31. Rxh1 Rh8 32. Rxh8 Nxh8 33. f4 Nf7 34. Be2 gxf4 35. gxf4 exf4 36. Bxf4+ Ne5 37. Kg3 Kd7 38. Bxe5 fxe5 39. Bg4 1-0

[Event "Elekes Memorial-06 Group A"]
[Site "Budapest"]
[Date "1981.07.??"]
[Round "?"]
[White "Pirisi, Gabor"]
[Black "Ozsvath, Andras"]
[Result "1/2-1/2"]
[WhiteElo "2290"]
[BlackElo "2340"]
[PlyCount "103"]
[EventDate "1981.07.12"]
[EventType "tourn"]
[EventRounds "13"]
[EventCountry "HUN"]
[EventCategory "4"]
[SourceTitle "EXT 1998"]
[Source "ChessBase"]
[SourceDate "1997.11.17"]
[SourceVersion "1"]
[SourceVersionDate "1997.11.17"]
[SourceQuality "1"]

1. Nf3 Nf6 2. g3 c5 3. Bg2 g6 4. 0-0 Bg7 5. d3 0-0 6. Nbd2 Nc6 7. e4 d6 8. c3 e5 9. a4 Nh5 10. Nc4 h6 11. Be3 Be6 12. b3 Qe7 13. d4 cxd4 14. cxd4 Bg4 15. dxe5 dxe5 16. Rc1 Rfd8 17. Ncd2 Nd4 18. Bxd4 exd4 19. h3 Be6 20. Nc4 Nf6 21. Nfe5 Nxe4 22. Bxe4 Bxc4 23. bxc4 Bxe5 24. Qf3 Rab8 25. Rfe1 Qc7 26. Bd5 Rd7 27. Qg4 Bg7 28. Qxg6 Rxd5 29. cxd5 Qxc1 30. Qxg7+ Kxg7 31. Rxc1 Rd8 32. Kf1 Rxd5 33. Ke2 d3+ 34. Kd2 Rd4 35. Rc7 Rxa4 36. Rxb7 Ra3 37. f4 Kf6 38. g4 a5 39. g5+ hxg5 40. fxg5+ Kg7 41. h4 Ra2+ 42. Kxd3 Rh2 43. Ra7 Rxh4 44. Rxa5 Kg6 45. Ke3 Rg4 46. Kf3 Rxg5 47. Ra6+ f6 48. Ra8 Rb5 49. Ra3 Kg5 50. Rc3 Rb4 51. Kg3 f5 52. Ra3 1/2-1/2